Score 0/12 Timer 03:00
0 Plays Today
% Correct
Laura
82%
Charles
80.3%
Nellie
74.8%
Caroline
74.5%
Mary
74.2%
Almanzo
72.6%
Carrie
67.9%
Grace
63.7%
Eliza Jane
60.7%
Jack
60.4%
Cap
54.8%
Royal
49.3%
Come Together.
Have Fun.
All Virtual.
We all need to come together. Play Sporcle's virtual live trivia to have fun, connect with people, and get your trivia on. Join a live hosted trivia game for your favorite pub trivia experience done virtually. If a virtual private party is more your thing, go here for details.

You're not logged in!

Compare scores with friends on all Sporcle quizzes.
OR
Log In

Sporcle TV

Today on Sporcle TV


Watch our educational content, quiz creation guides, and fun videos on Sporcle TV.

Show Comments

Extras

Top Quizzes Today


Score Distribution

Paid Content

Your Account Isn't Verified!

In order to create a playlist on Sporcle, you need to verify the email address you used during registration. Go to your Sporcle Settings to finish the process.

Report this User

Report this user for behavior that violates our Community Guidelines.

Details: